Tlače 16. storočia v piaristických knižniciach

Bibliographic Details
Main Authors: Saktorová, Helena, 1953- (Author), Komorová, Klára, 1949- (Author)
Format: Article
Language:Slovak
ISBN:8022405426
Subjects:

MARC

LEADER 00000naa a2200000uu 4500
001 vtls010927887
003 SK-MaSNL
005 20260302143307.0
008 210910|1999 xo |||||||||||||||||slo|
015 |a SNBRA 
035 |a (urnnbn)urn:nbn:sk:snk:ar-a0b1bi 
035 |a (uuid)87b58829-bcce-4b23-abab-c6fa06f7d00a 
035 |a urn:nbn:sk:snk-aattw3 
040 |a SNKBUCL  |b slo  |c SNKBUCL  |e AACR2 
041 0 |a slo 
044 |a xo  |c SK 
100 1 |a Saktorová, Helena,  |d 1953-  |4 aut  |9 102798 
245 1 0 |a Tlače 16. storočia v piaristických knižniciach  |c Helena Saktorová, Klára Komorová 
648 7 |a 16. stor.  |2 SNKPH  |9 293378 
650 0 7 |a staré tlače  |2 SNKPH  |9 51683 
650 0 7 |a piaristi  |2 SNKPH  |2 SNKPH  |9 107197 
650 0 7 |a piaristické knižnice  |2 SNKPH  |9 443561 
655 7 |a štúdie  |2 SNKPH  |9 57033 
700 1 |a Komorová, Klára,  |d 1949-  |4 aut  |9 102797 
773 0 |t Formy a obsah vzdelanosti v historickom procese  |d Bratislava : Veda, 1999  |g S. 82-91  |z 8022405426 
958 |a OND 
958 |a chapter 
958 |a article11 
999 |c 1343721  |d 1345651